Border games : (Record no. 108782)
[ view plain ]
| 000 -LEADER | |
|---|---|
| fixed length control field | 00680cam a2200217 4500 |
| 008 - FIXED-LENGTH DATA ELEMENTS--GENERAL INFORMATION | |
| fixed length control field | 060919t20002000nyu 000 0 eng u |
| 020 ## - INTERNATIONAL STANDARD BOOK NUMBER | |
| International Standard Book Number | 0801487560 |
| 100 1# - MAIN ENTRY--PERSONAL NAME | |
| Personal name | Andreas, Peter |
| 245 10 - TITLE STATEMENT | |
| Title | Border games : |
| Remainder of title | policing the U. S. - México divide / |
| Statement of responsibility, etc | Peter Andreas. |
| 250 ## - EDITION STATEMENT | |
| Edition statement | 1a ed. |
| 260 ## - PUBLICATION, DISTRIBUTION, ETC. (IMPRINT) | |
| Place of publication, distribution, etc | New York : |
| Name of publisher, distributor, etc | Cornell University, |
| Date of publication, distribution, etc | c2000 |
| 300 ## - PHYSICAL DESCRIPTION | |
| Extent | xiv, 158 p. ; |
| Dimensions | 23 cm. |
| 504 ## - BIBLIOGRAPHY, ETC. NOTE | |
| Bibliography, etc | Incluye indice |
| 506 ## - RESTRICTIONS ON ACCESS NOTE | |
| Terms governing access | Rec. prop. esc. |
| 650 #4 - SUBJECT ADDED ENTRY--TOPICAL TERM | |
| Topical term or geographic name as entry element | Contrabando |
| General subdivision | Política y gobierno |
| Geographic subdivision | EUA |
| 651 #4 - SUBJECT ADDED ENTRY--GEOGRAPHIC NAME | |
| Geographic name | EUA |
| General subdivision | limites |
| Geographic subdivision | méxico |
| 651 #4 - SUBJECT ADDED ENTRY--GEOGRAPHIC NAME | |
| Geographic name | Extranjeros ilegales |
| General subdivision | Politica y gobierno |
| Geographic subdivision | EUA |
| 942 ## - ADDED ENTRY ELEMENTS (KOHA) | |
| Source of classification or shelving scheme | Biblioteca del Cogreso de los Estados Unidos |
| Koha item type | Libro |
| Estado de pérdida | Fuente de clasificación | Estado del daño | No para préstamo | Ubicación permanente | Ubicación actual | Apartado o colección | Fecha de adquisición | Edición | Dependencia de educación superior (DES) | Área del conocimiento | Clasificación | Código de Barras | Date last seen | Número de copia | Tipo de recurso |
|---|---|---|---|---|---|---|---|---|---|---|---|---|---|---|---|
| Biblioteca del Cogreso de los Estados Unidos | Biblioteca del Instituto de Investigaciones Económicas y Empresariales | Biblioteca del Instituto de Investigaciones Económicas y Empresariales | General | 19/11/2015 | 1a ed. | Ciencias Económico Administrativas | Ciencias Sociales y Administrativas | HJ6690 A63 2000 | IIE000005394 | 19/11/2015 | C:1 | Libro |